<?xml version="1.0" encoding="UTF-8"?>
<collection xmlns="http://www.loc.gov/MARC21/slim">
 <record>
  <leader>01353nam a2200205Ia 4500</leader>
  <controlfield tag="001">CTU_176746</controlfield>
  <controlfield tag="008">210402s9999    xx            000 0 und d</controlfield>
  <datafield tag="020" ind1=" " ind2=" ">
   <subfield code="c">79000</subfield>
  </datafield>
  <datafield tag="082" ind1=" " ind2=" ">
   <subfield code="a">621.319</subfield>
  </datafield>
  <datafield tag="082" ind1=" " ind2=" ">
   <subfield code="b">Đ309</subfield>
  </datafield>
  <datafield tag="245" ind1=" " ind2="0">
   <subfield code="a">Điều chỉnh tự động truyền động điện :</subfield>
  </datafield>
  <datafield tag="245" ind1=" " ind2="0">
   <subfield code="b">(Sách giáo trình dùng cho sinh viên các trường Đại học kỹ thuật)</subfield>
  </datafield>
  <datafield tag="245" ind1=" " ind2="0">
   <subfield code="c">Bùi Quốc Khánh ... [et al.]</subfield>
  </datafield>
  <datafield tag="260" ind1=" " ind2=" ">
   <subfield code="a">Hà Nội</subfield>
  </datafield>
  <datafield tag="260" ind1=" " ind2=" ">
   <subfield code="b">Khoa học và Kỹ thuật</subfield>
  </datafield>
  <datafield tag="260" ind1=" " ind2=" ">
   <subfield code="c">2008</subfield>
  </datafield>
  <datafield tag="520" ind1=" " ind2=" ">
   <subfield code="a">Giáo trình gồm 9 chương trình bày những nguyên tắc cơ bản xây dựng hệ truyền động tự động, các mạnh đo lường điều khiển và các bộ biến đổi điện tử công suất dùng cho hệ truyền động tự đông, cấu trúc cơ bản của hệ truyền động động cơ một chiều, xoay chiều không đồng bộ và xoay chiều đồng bộ, nguyên tắc cơ bản xây dựng hệ truyền động nhiều động cơ,...</subfield>
  </datafield>
  <datafield tag="650" ind1=" " ind2=" ">
   <subfield code="a">Điện tử công suất,Electric engineering,Power electronics,Kỹ thuật điện</subfield>
  </datafield>
  <datafield tag="904" ind1=" " ind2=" ">
   <subfield code="i">Minh Tâm, Năm</subfield>
  </datafield>
  <datafield tag="980" ind1=" " ind2=" ">
   <subfield code="a">Trung tâm Học liệu Trường Đại học Cần Thơ</subfield>
  </datafield>
 </record>
</collection>
